Foro político (Registro nro. 8694)

Detalles MARC
000 -LEADER
fixed length control field 00908nas a2200253 454500
001 - CONTROL NUMBER
control field 30389
005 - DATE AND TIME OF LATEST TRANSACTION
control field 20260407193508.0
008 - FIXED-LENGTH DATA ELEMENTS--GENERAL INFORMATION
fixed length control field 260407s1996####ag###########|||spa#d
003 - CONTROL NUMBER IDENTIFIER
control field AR-UNSa-BCEJYS
040 ## - CATALOGING SOURCE
Original cataloging agency AR-UNSa-BCEJYS
Language of cataloging spa
Transcribing agency AR-UNSa-BCEJYS
080 ## - UNIVERSAL DECIMAL CLASSIFICATION NUMBER
Universal Decimal Classification number 320
Common auxiliary subdivision Ciencia Política (Política y Gobierno)
022 ## - INTERNATIONAL STANDARD SERIAL NUMBER
International Standard Serial Number 0327-9456
041 ## - LANGUAGE CODE
Language code of text/sound track or separate title spa
100 1# - MAIN ENTRY--PERSONAL NAME
Personal name Universidad del Museo Social Argentino
245 10 - TITLE STATEMENT
Title Foro político
Name of part/section of a work revista del Instituto de Ciencias Políticas "Manuel V. Ordoñez"
264 #1 - PRODUCTION, PUBLICATION, DISTRIBUTION, MANUFACTURE, AND COPYRIGHT NOTICE
Place of production, publication, distribution, manufacture Buenos Aires :
Name of producer, publisher, distributor, manufacturer UMSA (Universidad del Museo Social Argentino)
Date of production, publication, distribution, manufacture, or copyright notice 1996
310 ## - CURRENT PUBLICATION FREQUENCY
Current publication frequency Frecuencia: Semestral
590 ## - LOCAL NOTE (RLIN)
Local note niveau_biblio:s niveau_hierar:1
650 ## - SUBJECT ADDED ENTRY--TOPICAL TERM
Topical term or geographic name entry element ADMINISTRACION PUBLICA
650 ## - SUBJECT ADDED ENTRY--TOPICAL TERM
Topical term or geographic name entry element Ciencia política
700 1# - ADDED ENTRY--PERSONAL NAME
Personal name Ancarola, Gerardo
856 41 - ELECTRONIC LOCATION AND ACCESS
Uniform Resource Identifier <a href="https://biblioeco.unsa.edu.ar/pmb/images/revistas/Foro Politico-r14724.jpg">https://biblioeco.unsa.edu.ar/pmb/images/revistas/Foro Politico-r14724.jpg</a>
Link text Imagen de portada
Electronic format type image/jpeg
942 ## - ADDED ENTRY ELEMENTS (KOHA)
Koha item type
Existencias
Withdrawn status Lost status Damaged status Not for loan Home library Current library Shelving location Date acquired Serial enumeration / chronology Total checkouts Full call number Barcode Date last seen Price effective from Koha item type
        Biblioteca Prof. Eusebio Cleto del Rey Biblioteca Prof. Eusebio Cleto del Rey   01/01/2004 Vol. XXXVIII - ene./jun. 2004   H320 FOR 38 R01560 10/04/2026 10/04/2026 Numero
        Biblioteca Prof. Eusebio Cleto del Rey Biblioteca Prof. Eusebio Cleto del Rey   01/06/2003 Vol. XXXVI - jun. 2003   H320 FOR 36 R14752 10/04/2026 10/04/2026 Numero
        Biblioteca Prof. Eusebio Cleto del Rey Biblioteca Prof. Eusebio Cleto del Rey   01/04/1999 Vol. XXV - abr. 1999   H320 FOR 25 R14730 10/04/2026 10/04/2026 Numero
        Biblioteca Prof. Eusebio Cleto del Rey Biblioteca Prof. Eusebio Cleto del Rey   01/08/1998 Vol. XXIII - ago. 1998   H320 FOR 23 R14729 10/04/2026 10/04/2026 Numero
        Biblioteca Prof. Eusebio Cleto del Rey Biblioteca Prof. Eusebio Cleto del Rey   01/12/1997 Vol. XXI - dic. 1997   H320 FOR 21 R14728 10/04/2026 10/04/2026 Numero
        Biblioteca Prof. Eusebio Cleto del Rey Biblioteca Prof. Eusebio Cleto del Rey   01/08/1997 Vol. XX - ago. 1997   H320 FOR 20 R14727 10/04/2026 10/04/2026 Numero
        Biblioteca Prof. Eusebio Cleto del Rey Biblioteca Prof. Eusebio Cleto del Rey   01/04/1997 Vol. XIX - abr. 1997   H320 FOR 19 R14726 10/04/2026 10/04/2026 Numero
        Biblioteca Prof. Eusebio Cleto del Rey Biblioteca Prof. Eusebio Cleto del Rey   01/08/1996 Vol. XVII - ago. 1996   H320 FOR 17 R14724 10/04/2026 10/04/2026 Numero